| 000 | 00000nam##2200000za#4500 |
| 001 | 9.577189 |
| 003 | CaOODSP |
| 005 | 20210624185508 |
| 007 | cr ||||||||||| |
| 008 | 150406|1993||||xxc|||||o f|0| 0 eng|d |
| 040 | |aCaOODSP|beng |
| 043 | |an-cn--- |
| 086 | 1 |aFs97-13/925E-PDF |
| 110 | 1 |aCanada. |bDepartment of Fisheries and Oceans. |
| 245 | 10|aR/V W.E. Ricker assemblage survey of Hecate Strait, May 17 - June 3, 1993 / |h[electronic resource]|cby C.M. Hand ... [et al.] |
| 260 | |aNanaimo - British Columbia : |bFisheries and Oceans Canada |c1993. |
| 300 | |a204p.|bfigs., references, tables |
| 490 | 1 |aCanadian data report of fisheries and aquatic sciences|vNo. 925 |
| 500 | |aOn t.p.: Pacific Biological Station, Nanaimo, British Columbia. Catalogue number and ISSN of the print edition appear in the PDF version. |
| 546 | |a(Résumé en français) |
| 590 | |a13-20-Supp|b2013-08-30 |
| 720 | 1 |aHand, C. M. |
| 830 | #0|aCanadian data report of fisheries and aquatic sciences ;|vNo. 925|w(CaOODSP)9.505124 |
| 856 | 40|ahttp://publications.gc.ca|qPDF|s2185 KB|uhttps://publications.gc.ca/collections/collection_2013/mpo-dfo/Fs97-13-925-eng.pdf|yNo. 925 |